Normal view
MARC view
- Mas Galvañ, Cayetano
Entry Nombre Personal
001 - NUMERO DE CONTROL
- campo de control: 59284
003 - IDENTIFICADOR DE NUMERO DE CONTROL
- campo de control: MX-MxUPN
005 - FECHA Y HORA DE LA ÜLTIMA TRANSACCIÓN
- campo de control: 20260416125330.0
008 - DATOS DE LONGITUD FIJA
- campo de control de longitud fija: 260416in acnnnaabn n aaa d
040 ## - FUENTE DE CATALOGACIÓN
- Agencia original de catalogación: MX-MxUPN
- Lenguaje de catalogación: spa
100 1# - ENCABEZAMIENTO - NOMBRE PERSONAL
- Nombre personal: Mas Galvañ, Cayetano
400 1# - VEÁSE - NOMBRE DE PERSONA
- Personal name: Galvañ, Cayetano Mas
670 ## - FUENTE EN LA QUE SE LOCALIZARON DATOS
- Cita de la fuente: La educación superior en la Murcia del siglo XVIII, 2003 :
- Información localizada: portada (Cayetano Mas Galvañ)
- Uniform Resource Identifier: http://hdl.handle.net/10045/39740
902 ## - CATALOGADOR
- Catalogador: VíctorGodínez/160426
